00626nam a22001817a 4500999001900000003000500019020000800024038001100032082001600043100004600059245006200105260004900167300001300216880006300229880004200292942001200334952009800346 c525891d525891NUST qH/B awaseem a297.62bNUS aNushai, Syed Muhammad Hayat Rabani916837 aTazkara-yi-Nushahiya /cSyed Muhammad Hayat Rabani Nushai aIslamabad :bIdara Mahraf-yi-Nushahi,c2010. a656 p. ; 6100-01\raسید محمد حیات ربانی نوشاہی 6245-02\raتزکرہ نوشاییہ / 2ddccBK 00102ddc4070aCLbCLcISLd2019-07-05l0o297.62 NUSpCL-E-494r2019-07-05w2019-07-05yBK